Statistics for US Presidents- just name them.

Click here to take the quiz!

General Stats

  • This quiz has been taken 43 times
  • The average score is 32 of 44

Answer Stats

YearsPresident% Correct
1789-1797George Washington
98%
1797-1801John Adams
98%
1861-1865Abraham Lincoln
95%
2001-2009George W Bush
95%
1961-1963John Fitzgerald Kennedy
95%
2009-2017Barack Obama
93%
1993-2001Bill Clinton
90%
1977-1981Jimmy Carter
90%
1981-1989Ronald Reagan
90%
2017-Donald Trump
88%
1974-1977Gerald Ford
88%
1969-1974Richard Nixon
88%
1801-1809Thomas Jefferson
88%
1953-1961Dwight Eisenhower
85%
1933-1945Franklin Delano Roosevelt
85%
1963-1969Lyndon Johnson
83%
1901-1909Theodore Roosevelt
83%
1945-1953Harry Truman
80%
1829-1837Andrew Jackson
78%
1869-1877Ulysses Grant
78%
1989-1993George H. W. Bush
75%
1825-1829John Quincy Adams
75%
1929-1933Herbert Hoover
73%
1885-1889, 1893-1897Grover Cleveland
68%
1809-1817James Madison
68%
1817-1825James Monroe
68%
1845-1849James Polk
68%
1837-1841Martin Van Buren
68%
1923-1929Calvin Coolidge
65%
1913-1921Woodrow Wilson
65%
1881James Garfield
63%
1857-1861James Buchanan
60%
1850-1853Millard Fillmore
60%
1865-1869Andrew Johnson
58%
1889-1893Benjamin Harrison
58%
1877-1881Rutherford Hayes
58%
1921-1923Warren Harding
58%
1897-1901William McKinley
58%
1881-1885Chester Arthur
55%
1853-1857Franklin Pierce
55%
1841William Henry Harrison
55%
1841-1845John Tyler
53%
1909-1913William Howard Taft
53%
1849-1850Zachary Taylor
48%

Score Distribution

Percentile by Number Answered

Percent of People with Each Score

Your Score History

You have not taken this quiz